| 000 -LEADER |
| fixed length control field |
00822nam a22000977a 4500 |
| 008 - FIXED-LENGTH DATA ELEMENTS--GENERAL INFORMATION |
| fixed length control field |
150914b xxu||||| |||| 00| 0 eng d |
| 100 ## - MAIN ENTRY--AUTHOR'S NAME |
| Author's Name |
Meschenmoser, Alfred |
| 245 ## - TITLE STATEMENT |
| Title |
Uberroller-Post 1945-1949 vom 'Dritten Reich' in das 'Nachkriegs-Deutschland' |
| 260 ## - PUBLICATION, DISTRIBUTION, ETC. (IMPRINT) |
| Place of publication, distribution, etc. |
Dusseldorf, Germany |
| Name of publisher, distributor, etc. |
Poststempelgilde "Rhein-Donau" e.V., mit Unterstutzung der Stiftung zur Forderung der Philatelie und Postgeschichte e.V., |
| Date of publication, distribution, etc. |
1984 |
| 650 ## - TOPICAL TERM (Tag) |
| Topical term or geographic name |
Allied Occupation | Germany | Censored Mail | Military Mail | Postal History | Prisoner-of-War and Internee Mail | Postal Markings | Covers | Postal Service | 1945-1949 | Post World War II | Transportation of Mail | United States | Great Britain | France -- Occupation of Germany | Russia -- Occupation of Germany | Allied Occupation -- Berlin | Allied Occupation -- Austria | Czechoslovakia (1918-1992) |